01579nam a2200349Ia 4500001001100000003000800011006001900019007001500038008004100053010001700094020003200111020002200143040002100165035002000186050002200206082001200228100003500240245012800275246002900403260006200432300002500494490003200519500019300551504006600744533015200810650003800962650002401000655002901024710001701053830003401070856012501104ebr5000156CaPaEBRm u cr cn|||||||||990210s1999 ne a sb 001 0 eng d z 99019817  z1556192347 (US, alk. paper) z9027227365 (Eur.) aCaPaEBRcCaPaEBR a(OCoLC)7076796014aP151b.R73 1999eb04a4152211 aRohrbacher, Bernhard Wolfgang.10aMorphology-driven syntaxh[electronic resource] :ba theory of V to I raising and pro-drop /cBernhard Wolfgang Rohrbacher.3 aMorphology driven syntax aAmsterdam ;aPhiladelphia :bJohn Benjamins Pub.,cc1999. aviii, 296 p. :bill.1 aLinguistik aktuell ;vv. 15 aA revised and expanded version of the author's 1994 University of Massachusetts at Amherst Ph.D. dissertation: The Germanic VO languages and the full paradigm : A theory of V to I raising. aIncludes bibliographical references (p. [277]-289) and index. aElectronic reproduction.bPalo Alto, Calif. :cebrary,d2013.nAvailable via World Wide Web.nAccess may be limited to ebrary affiliated libraries. 0aGrammar, Comparative and general. 0aGenerative grammar. 7aElectronic books.2local2 aebrary, Inc. 0aLinguistik aktuell ;vBd. 15.40uhttp://site.ebrary.com/lib/rucke/Doc?id=5000156zAn electronic book accessible through the World Wide Web; click to view